000 00750nam a2200265Ia 4500
003 OSt
005 20220918174641.0
006 a|||||r|||| 00| 0
007 ta
008 220917b |||||||| |||| 00| 0 eng d
024 _a13,303
037 _cTextual
040 _aARTS
_cARTS
_beng
041 _2eng
_aeng
082 _aN1657:1, K4
100 _aGrove David
_951220
245 0 _aTowns of Ghana
_b the role of service centres in religional planning
260 _aAccra
_bGhana University Press
_c1964
300 _a98p
_ccm.
490 _aPlanning Research Studies; 2
650 _aARTS
700 _a Huszar Laszlo
_951221
942 _hN1657:1, K4
_cTEXL
_2CC
999 _c154066
_d154066